Complementos de geometría analítica

Bibliographic Details
Main Authors: Calderón García, José, Díaz Duque, José, Varela Marcelo, María
Format: Section = Libro
Language:Undetermined
Spanish
Published: La Habana Pueblo y Educación 1973
Subjects:
LEADER 00535nam a2200193Ia 4500
008 240829s9999 xx 000 0 und d
040 |a BIBLIOTECA-RUSB/ 516.3 C146 
041 |a spa 
082 |a 516.3 C146 
100 1 |a Calderón García, José  
100 1 |b  Díaz Duque, José 
100 1 |c  Varela Marcelo, María 
245 1 0 |a Complementos de geometría analítica 
260 |a La Habana  |b Pueblo y Educación  |c 1973 
300 |a 368 p. :il. 
650 7 |a GEOMETRIA ANALITICA 
942 |c BK  |2 ddc 
991 |a TEXTO 
999 |c 1810